Who Is This Player? (Galatasaray 24/25) - Statistics

General Stats
  • This quiz has been taken 70 times
  • The average score is 27 of 29
Answer Stats
Picture Answer % Correct
Fernando Muslera
100%
Mauro Icardi
96%
Abdülkerim Bardakcı
95%
Barış Alper Yılmaz
95%
Davinson Sanchez
95%
Dries Mertens
95%
Gabriel Sara
95%
Kerem Demirbay
95%
Lucas Torreira
95%
Victor Osimhen
95%
Alvaro Morata
93%
Efe Akman
93%
Günay Güvenç
93%
Kaan Ayhan
93%
Mario Lemina
93%
Okan Buruk
93%
Yunus Akgün
93%
Ahmed Kutucu
91%
Berkan Kutlu
91%
Eren Elmalı
91%
Ismail Jakobs
91%
Metehan Baltacı
91%
Roland Sallai
91%
Yusuf Demir
89%
Elias Jelert
87%
Carlos Cuesta
85%
Przemyslaw Frankowski
85%
Eyüp Aydın
82%
Jankat Yılmaz
80%
No matching quizzes found
Score Distribution
Percent of People with Each Score
Percentile by Number Answered
Your Score History
You have not taken this quiz